| 000 | 00441nam a22001697a 4500 | ||
|---|---|---|---|
| 005 | 20251108164947.0 | ||
| 008 | 250721s9999 xx 000 0 ara d | ||
| 082 | 1 | 4 | _a922/ويل |
| 100 | 1 | _aويلسون، كولن | |
| 245 | 1 | 0 | _aراسبوتين / |
| 264 | _bمكتبة النافذة، | ||
| 300 | _a239ص. | ||
| 650 | 1 | 7 | _aالتراجم |
| 700 | 1 |
_aتادرس، خليل حنا _eمترجم |
|
| 942 |
_2ddc _cBK |
||
| 999 |
_c18483 _d18483 |
||